| 000 | 01145nam a2200337 i 4500 | ||
|---|---|---|---|
| 003 | EG-ScBUE | ||
| 005 | 20240526092710.0 | ||
| 008 | 180506s2008 hu o f 000 0 mul d | ||
| 020 | _a9789630662079 | ||
| 020 | _a9789630661331 | ||
| 040 |
_aEG-ScBUE _beng _erda _cEG-ScBUE _dEG-ScBUE |
||
| 041 | 1 |
_ahun _aeng _hhun |
|
| 043 | _ae-hu--- | ||
| 082 | 0 | 4 |
_a943.90222 _bKAL _222 |
| 100 | 1 |
_aKalmár, Lajos, _d1967- _eauthor. |
|
| 245 | 1 | 0 |
_aPécs panorama / _cedit by Mónika Dóla ; translated by Adam Makkai. |
| 250 | _aAuthor's edition. | ||
| 264 | 1 |
_a[Pécs] : Omniphoto : _bEuropean Capital of Culture, _c2008. |
|
| 300 |
_a179 pages : _bphotographs (color) ; _c24 cm |
||
| 336 |
_2rdacontent _atext _btxt |
||
| 337 |
_aunmediated _2rdamedia _bn |
||
| 338 |
_avolume _bnc _2rdacarrier |
||
| 546 | _aText in English and Hungarian ; translation from original Hungarian. | ||
| 650 | _2BUEsh | ||
| 651 | 7 |
_aPécs (Hungary) _vPictorial works. _2BUEsh |
|
| 653 |
_bGGEN _cMay2018 |
||
| 700 | 1 |
_aDóla, Mónika, _eeditor. |
|
| 700 | 1 |
_aMakkai, Adam, _etranslator. |
|
| 942 |
_2ddc _cBB |
||
| 999 |
_c26634 _d26606 |
||